000 02044nam a2200433 c 4500
999 _c61497
_d61497
003 BLK
005 20250119004123.0
008 180408b bul|||||r ||||||| ||bul||
010 _aKNG00065699000
040 _aBLK
041 _aBUL
_cBUL
080 _aТрета българска държава (от 1878)
_b94(497.2)"1878..."
_z94(497.2)"1878..."
080 _aБългарска литература
_b821.163.2
_x-94
_z821.163.2-94
100 _aРадев, Симеон Трайчев
_d1879-1967
_gИсториограф, публицист, литературен критик, журналист
_9243332
139 _aРадев, Симеон
_bР 12
245 1 0 _aСтроителите на съвременна България
_bДок.-худож. хроника : В 2 т.
_cСимеон Радев; предг. и ред. Пантелей Зарев; ред. на том Андрей Лазаров Пантев.
_nТ. 2
_pРегентството
250 _a3. изд.
257 _aBGR
260 _aСофия
_bБълг. писател
_c1973 -
300 _c21 см
380 _a9
650 0 _aБългария - история, нова
_9241998
651 4 _aБългария
_9241624
653 _aбългарска история
653 _aнова история
700 1 _aЗарев, Пантелей
_eпредг. и ред.
_gПантев, Пантелей Йорданов
_9365745
700 1 _aПантев, Андрей Лазаров
_9363433
760 1 _aРадев, Симеон
_b3. изд.
_d1973
_h683 с., 4 л. : портр., 21 см
_n1. изд. 1911.
_tТ. 2 Регентството
852 _aЦб 67825
852 _aК 94(497.2)"1878..."/Р 12 С
856 4 _qpdf
856 4 _qpdf
942 _cKNG
_n0
_01
_s1
944 _aCR
_c13.06.2004
_lCRON CRON
_k
944 _aED
_c22.03.2017
_lф /
_kЛюдмила_Стоянова
944 _aED
_c2022-07-12
_kХристина Везирева
999 _d61497
999 _d61497